| 000 | 00738nam a2200241 a 4500 | ||
|---|---|---|---|
| 001 | BRCA_5613 | ||
| 005 | 20190320205143.0 | ||
| 008 | 210211s194u----gw-a######---#001-0#ger-# | ||
| 041 | _ager | ||
| 044 | _agw | ||
| 050 | 4 |
_aN3450 _b.M45 1940 |
|
| 245 | 1 | 0 |
_aDie Meisterwerke des Prado-Museums _ceinleitung von F. A. de Sotomayor. |
| 260 |
_aFrankfurt _bPrestel _c[194?] |
||
| 300 |
_a38 p. _bil. (algunas a color), 84 láminas _c32 cm. |
||
| 500 | _aIncluye índice de láminas | ||
| 500 | _aF91 | ||
| 610 | 2 | 4 |
_aMuseo del Prado (Madrid) _911074 |
| 650 | 1 | 4 |
_aPinturas _vExposiciones _zMadrid _911072 |
| 650 | 1 | 4 |
_aGalerías y museos _zEspaña _97331 |
| 700 | 1 |
_aAlvarez de Sotomayor, Fernando _914305 |
|
| 902 | _aGFM | ||
| 942 |
_2lcc _cB |
||
| 999 |
_c5307 _d5307 |
||